[Event "FRA-ch Prelim Gr-B"]
[Site "Besancon"]
[Date "1999.08.17"]
[Round "2"]
[White "Koch, Jean Rene"]
[Black "Fressinet, Laurent"]
[Result "0-1"]
[WhiteElo "2510"]
[BlackElo "2440"]
[Annotator "Mueller,Karsten"]
[PlyCount "98"]
[EventDate "1999.08.16"]
[EventType "tourn"]
[EventRounds "7"]
[EventCountry "FRA"]
[EventCategory "10"]
[SourceTitle "CBM 073"]
[Source "ChessBase"]
[SourceDate "1999.12.01"]
[SourceVersion "1"]
[SourceVersionDate "1999.12.01"]
[SourceQuality "1"]

1. e4 d5 2. exd5 Qxd5 3. Nc3 Qd6 4. d4 Nf6 5. g3 $2 {wegen des schwarzen
Drucks gegen den Bauern d4 kann sich Weiß hier im Gegensatz zur Variante 3...
Da5 4.g3 die Fianchettierung des weißfeldrigen Läufers nicht leisten.} Bg4 $1
6. f3 (6. Qd3 Nc6 7. Nb5 Qd7 $15 {0-1 Heinemann,T-Labahn,W/Hamburg 1993/EXT
93op (20)}) 6... Bf5 7. Bd3 Bxd3 8. Qxd3 Nc6 9. Be3 (9. Nb5 Qd7 10. Bf4 Nd5 $15
) 9... Nb4 10. Qd2 $6 (10. Qb5+ c6 11. Qa4 Qe6 $15) 10... Qe6 $1 {bringt Weiß
bereits in eine sehr prekäre Lage} 11. Kd1 (11. O-O-O $2 Nxa2+ 12. Nxa2 (12.
Kb1 Nxc3+ 13. Qxc3 Nd5 $19) 12... Qxa2 13. Qb4 O-O-O $19) 11... O-O-O 12. Kc1
$6 (12. Nge2 Qc6 13. Rf1 e5 $36) 12... c5 13. Nge2 Qf5 14. a3 Nc6 (14... Qxf3
$5) 15. f4 e6 16. Rd1 Ng4 17. h3 $2 (17. Bg1 $142 {zum Beispiel} cxd4 18. Nxd4
Nxd4 19. Bxd4 Bc5 20. Nb5 Bxd4 21. Nxd4 Qe4 $15 {/-/+}) 17... Nxe3 18. Qxe3
cxd4 19. Nxd4 {[%tqu "De","Schwarz zieht und gewinnt","","","d8d4","",5]} Rxd4
$1 $19 20. Rxd4 Bc5 21. g4 $5 Bxd4 (21... Qf6 22. Rd8+ Rxd8 23. Qxc5 Qxf4+ $19)
22. Qxd4 Nxd4 $1 (22... Qxc2+ $6 23. Kxc2 Nxd4+ 24. Kd3 {ist bei weitem nicht
so überzeugend.}) 23. gxf5 Nxf5 24. a4 Rd8 25. Ra3 Ne3 26. Rb3 Rd4 27. a5 a6
28. Rb6 Rxf4 29. b3 Rf2 30. Ne4 Rxc2+ 31. Kb1 Rc7 32. Nd6+ Kb8 33. Rb4 Rd7 34.
Ne4 Nd5 35. Rc4 Rc7 36. Ng5 Rxc4 37. bxc4 Nf4 38. Nxf7 Nxh3 39. Kc2 Kc7 40. Kd3
h6 41. c5 Ng5 42. Ne5 Nh7 43. Ng6 Kc6 44. Kc4 Nf6 45. Nf8 e5 46. Ng6 e4 47.
Ne7+ Kd7 48. Nf5 h5 49. Kd4 g6 0-1

[Event "Hotel Agro GM"]
[Site "Budapest"]
[Date "1999.08.01"]
[Round "3"]
[White "Varga, Zoltan"]
[Black "Bellini, Fabio"]
[Result "1/2-1/2"]
[WhiteElo "2541"]
[BlackElo "2418"]
[Annotator "Mueller,Karsten"]
[PlyCount "131"]
[EventDate "1999.08.05"]
[EventType "tourn"]
[EventRounds "9"]
[EventCountry "HUN"]
[EventCategory "10"]
[SourceTitle "CBM 073"]
[Source "ChessBase"]
[SourceDate "1999.12.01"]
[SourceVersion "1"]
[SourceVersionDate "1999.12.01"]
[SourceQuality "1"]

1. e4 d5 2. exd5 Qxd5 3. Nc3 Qa5 4. d4 Nf6 5. Bc4 Bf5 6. Bd2 c6 7. Nd5 Qd8 8.
Nxf6+ exf6 9. c3 Bd6 10. Qe2+ {+/= (Donev in CBM 47) Weiß hat aufgrund der
besseren Bauernstruktur einen leichten Vorteil, kann ihn aber in der Partie
nicht weiter ausbauen. Ich beschränke mich im Folgenden auf einige Bemerkungen
zum Turm- bzw. Bauernendspiel.} Qe7 11. O-O-O Qxe2 12. Nxe2 Be6 13. Bb3 Bxb3
14. axb3 Na6 15. Bf4 O-O-O 16. Bxd6 Rxd6 17. Ng3 g6 18. Ne4 Re6 19. Rhe1 Nc7
20. Nc5 Rxe1 21. Rxe1 Ne6 22. b4 (22. Nxe6 Re8 $11) 22... b6 23. Nd3 Rd8 24.
Re3 Kd7 25. Kc2 h5 26. Re1 Kc7 27. Re3 Kd6 28. f4 Ra8 29. Re1 Ng7 30. Nf2 f5
31. Nd3 f6 32. g3 Ne6 33. h4 Nc7 34. Ra1 Nb5 35. Nf2 Nc7 36. Kd3 Nd5 37. Nd1
Re8 38. Kd2 g5 $5 39. Rxa7 (39. fxg5 fxg5 40. hxg5 Rg8 $11) 39... gxf4 40. gxf4
Re4 41. Rh7 Rxf4 42. Rxh5 b5 43. Ne3 Rf2+ 44. Ke1 $8 Rxb2 45. Nxd5 cxd5 46.
Rxf5 Ke6 47. Rf2 Rb1+ (47... Rxf2 $4 48. Kxf2 Kf5 49. Kf3 $18) 48. Kd2 Rh1 49.
Rf4 Rh2+ 50. Kd3 f5 51. Rf1 Rh3+ 52. Kd2 Rxh4 53. Re1+ Re4 54. Rh1 (54. Rxe4+
$2 fxe4 55. Ke2 Kf6 56. Kf2 Kg5 57. Ke3 Kf5 $19) 54... f4 55. Rh6+ Kf5 56. Rd6
f3 57. Rxd5+ Kg4 58. Re5 Rxe5 (58... Kf4 59. Rxe4+ Kxe4 60. Ke1 Kf5 61. Kf1 Kf4
62. Kf2 Ke4 $11) 59. dxe5 Kf5 $1 (59... Kg3 $2 60. e6 f2 61. e7 f1=Q 62. e8=Q
$16) 60. Ke3 Kxe5 61. Kxf3 Kf5 62. Ke2 $5 {[%mdl 4096] ein sehr trickreicher
Versuch, das remise Endspiel doch noch zu gewinnen} {[%tqu "De","Schwarz zieht
und hält remis","","","f5e6","Fernopposition !",6,"f5e4","",0]} Ke6 $1 {
Fernopposition !} ({Die schablonenhafte Einnahme der (Nah-) Opposition hätte
hingegen verloren:} 62... Ke4 $2 63. Kd2 $1 Ke5 64. Ke3 Kd5 65. Kd3 Ke5 66. c4
$18) 63. Kd2 Kd6 64. Kc2 Kc6 65. Kd3 Kd5 66. c4+ 1/2-1/2

[Event "Petermaennchen GM"]
[Site "Schwerin"]
[Date "1999.08.09"]
[Round "1"]
[White "Zagrebelny, Sergey"]
[Black "Danielsen, Henrik"]
[Result "1-0"]
[WhiteElo "2521"]
[BlackElo "2512"]
[Annotator "Mueller,Karsten"]
[PlyCount "97"]
[EventDate "1999.08.09"]
[EventType "tourn"]
[EventRounds "9"]
[EventCountry "GER"]
[EventCategory "10"]
[SourceTitle "CBM 073"]
[Source "ChessBase"]
[SourceDate "1999.12.01"]
[SourceVersion "1"]
[SourceVersionDate "1999.12.01"]
[SourceQuality "1"]

1. e4 d5 2. exd5 Qxd5 3. Nc3 Qa5 4. Nf3 c6 5. d4 Nf6 6. Bc4 Bf5 7. Bd2 e6 8.
Qe2 Bb4 9. O-O-O Nbd7 10. a3 Bxc3 11. Bxc3 Qc7 12. Ne5 b5 $5 {"Ein
beachtenswerter Zug. Nach dem jetzigen Stand der Theorie ist dies vielleicht
der einfachste Weg zum Ausgleich!" (M.Wahls in "Modernes Skandinavisch", S.292)
. Diese Auffassung hat heute noch Bestand, auch wenn es Zagrebelny in der
vorliegenden Partie gelingt, Schwarz vor gewisse Probleme zu stellen.} 13. Bb3
(13. Bd3 O-O 14. Bxf5 exf5 15. Qf3 Nd5 16. Qxf5 Nxc3 17. Nxd7 Nxd1 18. Nxf8
Rxf8 19. Rxd1 Qxh2 $10 {1/2-1/2 Almasi,Z-Dautov,R/Altensteig 1994/CBM 43/
[Dautov] (19)}) 13... Be4 $1 14. Nxd7 (14. Rhe1 Bd5 $11 {(Dautov in CBM 43) 1/
2-1/2 Span,P-Jens,J/Leiden 1999/CBM 70 ext (25)}) 14... Qxd7 15. Bb4 Bd5 (15...
a5 16. Bc5 Bd5 17. Bxd5 Qxd5 18. Qe3 (18. Qe5 $5 {mit Übergang in die Partie})
18... h6 19. Kb1 Qg5 $11 {0-1 Saravanan,V-Koeller,O/Biel SUI 1999 (52)}) 16.
Bxd5 Qxd5 17. Qe5 $5 $146 {[%mdl 8]} (17. f3 a5 18. Bc5 Nd7 19. Qe3 $11 {
1/2-1/2 Toth,A-Friedrichs,K/Budapest HUN 1999 (28)}) 17... a5 (17... O-O-O 18.
Be7 Qxe5 19. dxe5 Rxd1+ 20. Rxd1 Nd5 21. Bc5 $14) 18. Bc5 Qxe5 (18... Qa2 $2
19. Qc7 Nd7 20. Qxc6 $18) (18... b4 $5) 19. dxe5 Nd5 20. Rd4 f6 $5 {Schwarz
entledigt sich der Schwäche f7.} ({Es kam ebenfalls in Betracht, mit} 20... a4
{weißes b3 nebst c4 zu erschweren.}) 21. Re1 Kf7 22. b3 Rhd8 23. c4 fxe5 24.
Rxe5 Nf6 25. Rxd8 Rxd8 26. Bb6 Rd3 27. Re3 (27. cxb5 $5) 27... Rxe3 28. fxe3
bxc4 29. Bxa5 cxb3 30. Kb2 Ng4 31. Bb6 Nxh2 32. Kxb3 Ke8 33. Kc4 Ng4 34. a4 Kd7
35. a5 Kd6 $4 {[%mdl 8192]} ({Nach} 35... Kc8 36. a6 Kb8 {sollte Schwarz die
Stellung halten können.}) 36. a6 $1 $18 Ne5+ 37. Kb4 $6 (37. Kc3 $1 Nd7 38. Ba5
$18 {und der a-Bauer ist nicht mehr aufzuhalten.}) 37... c5+ 38. Kb5 Nc6 39.
Bxc5+ Kc7 40. a7 Nxa7+ 41. Bxa7 Kd6 42. Kc4 Ke5 43. Kd3 g6 44. g4 h6 45. Bd4+
Kd5 46. e4+ Kd6 47. Bg7 h5 48. gxh5 gxh5 49. Bf6 1-0

[Event "American Continental 2nd"]
[Site "Buenos Aires"]
[Date "2003.08.22"]
[Round "5"]
[White "Spangenberg, Hugo"]
[Black "Llanos, Guillermo"]
[Result "1-0"]
[WhiteElo "2495"]
[BlackElo "2398"]
[Annotator "Mueller,Karsten"]
[PlyCount "37"]
[EventDate "2003.08.17"]
[EventType "swiss"]
[EventRounds "11"]
[EventCountry "ARG"]
[SourceTitle "CBM 097"]
[Source "ChessBase"]
[SourceDate "2003.11.11"]
[SourceVersion "1"]
[SourceVersionDate "2003.11.11"]
[SourceQuality "1"]

1. e4 d5 2. exd5 Nf6 3. d4 Bg4 4. Nf3 Qxd5 5. Be2 Nc6 6. h3 Bxf3 7. Bxf3 Qd7 (
7... Qd6 8. c3 O-O-O 9. O-O e5 10. Qb3 exd4 11. cxd4 Qe6 12. Be3 $6 {1/2-1/2
Magem Badals,J-Arizmendi Martinez,J/Pamplona 1997/CBM 63/[Mueller,Karsten] (20)
danach hat Weiß keinerlei Vorteil, er hätte meines Erachtens} (12. Qxe6+ fxe6
13. Bxc6 bxc6 14. Be3 $14 {[%csl Ya7,Yc6,Yc7,Ye6][%cal Gc1c6] versuchen sollen.
})) (7... Qxd4 $4 8. Bxc6+ $18) 8. c3 O-O-O 9. Qb3 e5 10. dxe5 $5 {[%mdl 8]} (
10. O-O e4 11. Be2 Bd6 (11... a6 $6 12. Qc2 Bd6 13. Bg5 $14 {Perez,R-Sariego,W/
Bayamo 1996/Inf 68/[Nogueiras,J] (19)}) 12. Nd2 h6 13. Nc4 g5 14. Be3 (14.
Nxd6+ $5) 14... Bf4 $132 {1-0 Levi,E-Bennett,H/Sydney 1999/EXT 2000 (39)})
10... Qd3 $2 {das geht zu weit} (10... Re8 {war vonnöten, z.B.} 11. O-O Rxe5
12. Bf4 $14) 11. exf6 Bc5 (11... Re8+ 12. Be3 Bd6 (12... Bc5 $2 13. Bxc6 bxc6
14. c4 $18) 13. Nd2 Rxe3+ 14. fxe3 Qxe3+ 15. Kd1 Bf4 16. Qd5 Rd8 17. Bg4+ Kb8
18. Bd7 gxf6 19. Re1 Qxd2+ 20. Qxd2 Bxd2 21. Re8 $18) 12. Nd2 Na5 (12... Rhe8+
13. Kd1 Bxf2 14. Qc2 $18) 13. Qa4 Rhe8+ 14. Kd1 Nc4 15. Qc2 Qd6 16. Qb3 Na5 17.
Qb5 Bxf2 18. Qxa5 Bg3 19. Qb4 1-0

[Event "CUB-ch"]
[Site "Holguin"]
[Date "2002.04.01"]
[Round "2"]
[White "Gongora Reyes, Maikel"]
[Black "Perez Garcia, Rodney Oscar"]
[Result "0-1"]
[WhiteElo "2408"]
[BlackElo "2429"]
[Annotator "Mueller,Karsten"]
[PlyCount "57"]
[EventDate "2002.03.31"]
[EventType "tourn"]
[EventRounds "17"]
[EventCountry "CUB"]
[EventCategory "9"]
[SourceTitle "CBM 089"]
[Source "ChessBase"]
[SourceDate "2002.08.12"]
[SourceVersion "1"]
[SourceVersionDate "2002.08.12"]
[SourceQuality "1"]

1. e4 d5 2. exd5 Qxd5 3. Nc3 Qd6 4. d4 Nf6 5. Nf3 a6 6. Bc4 b5 {Zur Zeit ist
diese Art, den Damenläufer zu entwickeln, recht populär. Im klassischen
Skandinavier mit 3...Da5 wäre sie kaum durchführbar. Die nach einem späteren
c5 dxc5 oder cxd4 Sxd4 entstehenden Strukturen erinnern mehr an einen
Sizilianer, bei dem e4-e5 d6xe5 kam, und Weiß auf e5 mit einer Figur
zurückgeschlagen hat, was für ihn in der Regel nicht sehr erstrebenswert ist.
Daher muss er hier versuchen, seinen Entwicklungsvorsprung möglichst in
konkrete Initiative umzusetzen.} 7. Bb3 Bb7 8. Ne5 e6 9. Bf4 (9. Qe2 $5 Be7 (
9... Qxd4 $2 10. Nxf7 Kxf7 11. Qxe6+ Kg6 12. Qf7+ Kf5 13. Be6+ Ke5 14. Be3 $18)
(9... Nc6 $5) 10. Bf4 Qb6 11. O-O-O O-O $13 {1-0 Sawatzki,F-Witthaus,J/OLNW
1992/BIG 90 (47)}) 9... Qb6 (9... Qd8 $6 10. Qe2 Nd5 (10... Qxd4 $2 11. Nxf7
$18) (10... Be7 $6 11. Nxf7 {sieht zu gefährlich aus, z.B.} Kxf7 12. Qxe6+ Ke8
(12... Kg6 $2 13. Qf7+ Kf5 14. Be6+ Kxf4 15. Qxg7 Rg8 16. Ne2+ Ke4 17. f3+ Ke3
18. Qh6+ Rg5 19. Qxg5#) 13. Qf7+ Kd7 14. Be6+ Kc6 15. d5+ Kb6 16. Be3+ (16. a4
$5) (16. Qxg7 $5) 16... c5 (16... Bc5 17. Bxc5+ Kxc5 18. Qxg7 $16) 17. Qxg7 Qf8
18. Qg3 Bd6 19. Qh4 Nbd7 20. O-O-O Re8 21. Rhe1 $16) 11. Nxd5 Bxd5 12. c3 $14 (
12. Bg5 $6 Qxg5 (12... f6 $2 13. Qh5+ Ke7 (13... g6 14. Nxg6 hxg6 15. Qxg6+ Kd7
16. Bxd5 $16) 14. Qf7+ Kd6 15. Bxd5 exd5 16. O-O-O $18) 13. Bxd5 exd5 14. Ng6+
Be7 15. Nxh8 Nc6 {und es scheint, als könnte der weiße Springer nicht gerettet
werden.})) (9... Nc6 10. Ng6 (10. Nxf7 $5) 10... Qxd4 11. Qxd4 Nxd4 12. Nxh8
Bxg2 13. Rg1 Nf3+ 14. Ke2 Nd4+ $1 15. Ke1 (15. Kd1 Rd8 16. Bxc7 Rd7 17. Kc1 Ne4
18. a4 Rxc7 19. Rxg2 b4 20. Nxe4 Nxb3+ 21. Kb1 Nxa1 22. Kxa1 Rxc2) (15. Ke3 Bc5
16. Kd2 Nf3+ 17. Ke2 Nd4+) (15. Kd3 Rd8) 15... Nf3+ 16. Ke2 Nd4+ 17. Ke1 {
1/2-1/2 Tzermiadianos,A-Georgiev,K/Katerini op 1992/EXP 32 (17)}) (9... c5 $5 {
ist sehr interessant:} 10. dxc5 (10. Nxf7 Qxf4 $15) (10. Ng6 Qxd4 11. Qxd4 (11.
Nxh8 Qxf4 12. Ne2 Qc7 $17) 11... cxd4 12. Nxh8 dxc3 13. Be5 cxb2 14. Bxb2 Nbd7
15. f3 Bc5 $17) ({Nach} 10. Qe2 $5 {müssen} Qb6 ({und} 10... c4 {genauer
geprüft werden.})) 10... Qxd1+ 11. Rxd1 Bxc5 12. O-O Nc6 13. Nxc6 Bxc6 14. Bd6
Bxd6 15. Rxd6 {1/2-1/2 Ramesh,R-Mellado Trivino,J/Andorra 2000/CBM 76 ext (15)}
Rc8 16. Rfd1 Ke7 $15) 10. d5 (10. Qe2 Bb4 (10... Qxd4 $2 11. Nxf7 Qxf4 (11...
Kxf7 $2 12. Qxe6+ Kg6 13. Qf7+ Kf5 14. Be6+ Kxf4 15. Ne2+ $18) 12. Qxe6+ Be7
13. Nxh8 $18 {(M.Melts)}) 11. O-O O-O 12. Rfe1 Nc6 $13 {0-1 Reinke,M-Labahn,W/
NRW-I 1994/GER 07 (51). (51)} (12... Qxd4 $5)) 10... c5 11. Qd2 $2 $146 {
die Dame steht hier nicht richtig, wie sich in einigen Varianten zeigen wird.}
(11. dxe6 fxe6 (11... c4 $2 12. exf7+ Ke7 13. O-O cxb3 14. Re1 bxc2 15. Qxc2
Qe6 16. Nxb5 $18) 12. Qe2 $5 (12. Bg5 Be7 13. a4 c4 14. Ba2 O-O $15 {(M.Melts)}
) (12. Ng4 $2 Nbd7 13. O-O $2 c4 $19) (12. a4 c4 13. Ba2 Bc5 14. Qe2 O-O 15.
O-O Nc6 $15 {0-1 Collazo,N-Araque,R/Havana CUB 2001/The Week in Chess 342 (28)}
) 12... Be7 (12... c4 $6 13. Bxc4 bxc4 (13... Bxg2 $2 14. Rg1 bxc4 15. Nxc4 Qc6
16. Rxg2 Qxg2 17. Qxe6+ Kd8 18. O-O-O+ Nbd7 19. Ne5 $18) 14. Nxc4 Qc6 15. O-O-O
$40) 13. Qe3 $14) (11. Qe2 Be7 (11... c4 $6 12. Bxc4 bxc4 13. Nxc4 Qc5 14. dxe6
$40) 12. O-O-O O-O 13. dxe6 fxe6 14. Nd7 Nbxd7 15. Bxe6+ Kh8 16. Bxd7 Ne4 17.
Nxe4 Rxf4 18. f3 c4 $13 {(M.Melts in 'Scandinavian Defense, The dynamic 3...
Qd6', Russell Enterprises 2001) Volokitin-Jirovsky, Pardubice 1998.}) 11... c4
12. Na4 ({Nach} 12. dxe6 {sollte man} fxe6 {spielen,} ({denn} 12... Qxe6 $2 {
wirkt zu riskant:} 13. O-O-O Be7 14. Bxc4 bxc4 15. Rhe1 $40) 13. Na4 Qd6 14.
Nxc4 Qxd2+ 15. Nxd2 bxa4 16. Bxa4+ Nbd7 $17) 12... Qd8 $1 {dieser kaltblütige
Rückzug nutzt die Damenstellung auf d2 aus.} (12... bxa4 $2 13. Bxa4+ Nbd7 14.
Bxd7+ Nxd7 15. Nxd7 Qxb2 (15... Kxd7 $2 16. dxe6+ Kxe6 17. Qe2+ Kd7 18. O-O-O+
Kc6 19. Qxc4+ Qc5 20. Qd3 $18) {und nun entweder} 16. Be5 ({oder} 16. O-O {
, wonach mir die schwarze Stellung verdächtig erscheint, z.B.} Bb4 17. Qe3 Qxc2
18. Nb6 Rd8 19. Rab1 a5 20. a3)) 13. Bxc4 (13. dxe6 Qxd2+ 14. Kxd2 fxe6 15. Nb6
cxb3 16. Nxa8 Bxa8 $17) (13. Nxf7 $2 Kxf7 14. dxe6+ Kxe6 15. Qxd8 Bb4+ $19)
13... exd5 (13... bxc4 $5 {kam ebenfalls stark in Betracht, z.B.} 14. dxe6
Qxd2+ 15. Bxd2 fxe6 16. Nb6 Ra7) 14. Bb3 (14. Qe2 $5 {ist auch hier noch
interessant, sollte aber objektiv nicht reichen.} Qe7 (14... Be7 15. Nc5 $5)
15. Nb6 dxc4 16. Nxa8 Bxa8 17. O-O Nd5) 14... bxa4 15. Bxa4+ {[%tqu "En","How
to parry the check?","Welcher der beiden Springer soll nach d7 ziehen?","Man
beachte weitere Fesselungen!","f6d7","Ausnahmsweise ist die Entwicklung einer
weiteren Figur falsch.",4,"De","Wie soll das Schach abgewehrt werden?","","",
"f6d7","Ausnahmsweise ist die Entwicklung einer weiteren Figur falsch.",4]}
Nfd7 $1 (15... Nbd7 $2 {lässt die lästige Fesselung} 16. Bg5 {zu:} Bc8 (16...
Ne4 17. Bxd8 Nxd2 18. Bh4 $16) (16... Qe7 $4 17. Bxd7+ Kd8 18. Qa5#) 17. O-O-O
Bd6 (17... Be7 18. Rhe1 $18) 18. Bxf6 $1 (18. Nxd7 $6 Bxd7 19. Rhe1+ Kf8 (19...
Be7 $2 20. Rxe7+ Qxe7 21. Re1 $16) 20. Bxd7 Qxd7 21. Bxf6 gxf6 22. Qh6+ Kg8 23.
Qxf6 $44) 18... Qxf6 (18... gxf6 19. Nxf7 $16) 19. Qxd5 Bxe5 20. Bxd7+ Bxd7 21.
Qxa8+ Qd8 22. Qd5 f6 23. Rhe1 $16) 16. Bg5 $2 $19 (16. Qc3 f6 (16... a5 17.
O-O-O Bb4 18. Qg3 O-O 19. Bxd7 Nxd7 20. Bh6 Qf6 21. Bxg7 Qxg7 22. Nxd7 Rfd8 $17
) (16... Qc8 $2 17. Qxc8+ Bxc8 18. O-O-O {und es muss genau geprüft werden, ob
die weiße Aktivität und Initiative die Figur kompensieren.}) 17. Nxd7 Nxd7 18.
O-O Kf7 $17) (16. c4 {sollte auch nicht reichen.}) 16... Be7 17. Qe2 (17. Bxe7
Qxe7 18. O-O-O O-O 19. Nxd7 Nxd7 20. Rhe1 Qd6 $19) 17... Kf8 18. Nxd7+ Nxd7 19.
Bd2 $6 (19. Bxe7+ Qxe7 20. Bxd7 Qxd7 21. O-O {ist besser als die
Partiefortsetzung, verliert aber trotzdem.}) 19... Nc5 20. Bb3 a5 21. a3 Nxb3
22. cxb3 Ba6 23. Qf3 Rc8 24. Bc3 Bg5 25. h4 d4 26. Bd2 (26. hxg5 dxc3 27. bxc3
Qxg5 $19) 26... Bxh4 27. Kd1 Bf6 28. Rh5 g5 29. Bxa5 (29. Bxa5 Qxa5 30. Qxf6
Qb5 31. Qxh8+ Ke7 32. Qxc8 Qe2+ 33. Kc1 Qe1+ 34. Kc2 d3#) 0-1

[Event "FRA-ch"]
[Site "Narbonne"]
[Date "1997.08.28"]
[Round "13"]
[White "Marciano, David"]
[Black "Prie, Eric"]
[Result "1-0"]
[WhiteElo "2470"]
[BlackElo "2465"]
[Annotator "Mueller,Karsten"]
[PlyCount "39"]
[EventDate "1997.08.15"]
[EventType "tourn"]
[EventRounds "15"]
[EventCountry "FRA"]
[EventCategory "9"]
[SourceTitle "CBM 061"]
[Source "ChessBase"]
[SourceDate "1997.11.23"]
[SourceVersion "1"]
[SourceVersionDate "1997.11.23"]
[SourceQuality "1"]

1. e4 d5 2. exd5 Qxd5 3. Nc3 Qa5 4. Nf3 Nf6 5. d4 c6 6. Bc4 Bf5 7. Bd2 e6 8.
Nd5 Qd8 9. Nxf6+ Qxf6 10. Qe2 Bg4 11. d5 Bxf3 12. gxf3 cxd5 13. Bxd5 Nc6 {N} (
13... Nd7 14. O-O-O Ba3 15. c3 O-O 16. Be4 Be7 $2 (16... Bc5 17. Be3 Bxe3+ 18.
Qxe3 $14 {Shirov}) 17. Bxh7+ (17. h4 $1 {Shirov} h6 ({Nach} 17... Qe5 {wird
der Unterschied zu 13...Nc6 deutlich:} 18. Bh6 Qc7 (18... gxh6 19. Rxd7 Bf6 20.
Qe3 $16) 19. Rhg1 Bf6 20. Rxg7+ Bxg7 21. Rg1 $18) 18. Bg5 hxg5 19. Bh7+ $3 Kh8
20. hxg5 $18 {(Shirov) +/- CBM 59-6..Bf5 7.Bd2 / 10.Qe2/ Survey 1997/CBM 59/
[Ftacnik]}) 17... Kxh7 18. Qd3+ Kg8 19. Qxd7 $14 {1-0 Shirov,A-Salov,V/Torneo
Magistral 6th 1997/CBM 59/[Shirov] (28)}) 14. Bxc6+ $5 (14. O-O-O Ba3 15. c3
Be7 16. Be4 O-O 17. h4 Qe5 $13 {Gebigke,M-Zhukova,N/Berliner Sommer 1997/EXP
59/1-0 (41)}) 14... bxc6 15. Qe4 Rc8 (15... e5 16. Bc3 O-O-O 17. Bxe5 Qe6 18.
O-O $16) 16. O-O-O Ba3 17. c3 Bc5 18. Rhg1 Bxf2 $4 ({Auch nach} 18... O-O {
sollte Weiß besser stehen, z.B.} 19. Bg5 (19. Bf4 Bxf2 20. Rg2 Bb6 21. Be5 Qh6+
22. Bf4 Qf6 23. Be5 Qh6+ 24. Bf4 Qf6 {1/2-1/2 Fontaine,R-Prie,E/FRA-ch 1997/
CBM 61}) 19... Qg6 20. Qh4 Kh8 21. b4 Bb6 22. Be7 Qf5 23. Bxf8 $16) 19. Bg5 $1
Qg6 {[%tqu "De","Der Turm g1 ist angegriffen, und es droht Damentausch. Hat
sich Weiß etwa verkalkuliert ?","Der schwarze König steht in der Mitte in der
Schußlinie.","Ein sofortiges Damenopfer ist möglich.","e4c6","Nein, denn er
kann in zwei Zügen mattsetzen:",4]} 20. Qxc6+ (20. Qxc6+ Rxc6 21. Rd8#) 1-0

[Event "Olomouc After GP Mladi"]
[Site "Olomouc"]
[Date "1997.??.??"]
[Round "1"]
[White "Movsesian, Sergei"]
[Black "Biolek, Richard"]
[Result "1-0"]
[WhiteElo "2555"]
[BlackElo "2410"]
[Annotator "Mueller,Karsten"]
[PlyCount "47"]
[EventDate "1997.08.05"]
[EventType "tourn"]
[EventRounds "11"]
[EventCountry "CZE"]
[EventCategory "10"]
[SourceTitle "CBM 061"]
[Source "ChessBase"]
[SourceDate "1997.11.23"]
[SourceVersion "1"]
[SourceVersionDate "1997.11.23"]
[SourceQuality "1"]

1. e4 d5 2. exd5 Nf6 3. Bb5+ Bd7 4. Be2 Nxd5 5. d4 Nb6 (5... Bf5 {ist die
Hauptfortsetzung}) 6. c4 e5 7. dxe5 Nc6 8. Nf3 ({Nach} 8. f4 $6 {sollte der
Entwicklungsvorsprung den Bauern voll kompensieren, z.B.} Be6 9. Qxd8+ Rxd8 10.
b3 Bc5 11. Bb2 Nd4 12. Bd1 Nf5 13. Nc3 Ne3 $44) 8... Bb4+ 9. Nbd2 Qe7 (9... O-O
10. a3 Bxd2+ 11. Bxd2 Bg4 12. c5 Bxf3 13. Bxf3 Nc4 14. Bc3 Qxd1+ 15. Rxd1 N4xe5
16. Be2 $16 {Rasik,V-Zurek,M/CZE-chT 1993/TD 93\08/1/2-1/2 (67)}) 10. O-O O-O-O
11. Qc2 g5 (11... Nxe5 $5 12. a3 (12. Nxe5 Qxe5 13. Nf3 Qf5 $5) 12... Bd6 13.
b4 $40) 12. Nb3 g4 $2 (12... Nxe5 13. a3 Nxf3+ 14. Bxf3 Bc5 15. Nxc5 Qxc5 16.
b4 Qxc4 17. Qxc4 Nxc4 18. Bxg5 $14) 13. Bg5 $1 Qf8 (13... gxf3 14. Bxe7 fxe2
15. Bxd8 exf1=Q+ 16. Rxf1 Rxd8 17. c5 $18) 14. Nfd4 Nxd4 15. Nxd4 Be7 16. Bxe7
Qxe7 17. c5 $1 Ba4 (17... Nd5 18. c6 $18) 18. Qc3 (18. b3 Rxd4 19. cxb6 axb6 (
19... Bc6 20. bxa7 Qa3 21. Qc5 $3 $18) 20. bxa4 Qxe5 21. Rfe1 $18) 18... Nd5 (
18... Nd7 19. Qa5 Qxc5 (19... Nxc5 20. Qxa7 h5 21. Bd1 Be8 22. Bc2 $18) 20.
Qxa4 Nb6 21. Bxg4+ $16) 19. Qa5 Qxe5 20. Qxa4 Nf4 21. Bxg4+ Kb8 22. Nf3 Ne2+
23. Kh1 Qg7 24. Rae1 1-0